| 000 | 00594nam a2200205Ia 4500 | ||
|---|---|---|---|
| 003 | GCL | ||
| 008 | 140319s9999 xx 000 0 ara d | ||
| 040 |
_aGCL / _cGCL |
||
| 082 | 0 | 4 |
_a001.5 _bت ع |
| 100 | 1 | _aتيسير ابوعرجة | |
| 245 | 1 | 0 |
_aالاعلام العربى : تحديات الحاضر والمستقبل / _cتيسير ابوعرجة |
| 300 | _a200 ص | ||
| 490 | _a | ||
| 650 | 0 | 4 | _aالصحافة |
| 650 | 0 | 4 | _aالاعلام |
| 650 | 0 | 4 | _aوسائل الاعلام |
| 650 | 0 | 4 | _aالراى العام |
| 650 | 0 | 4 | _aوكالات الانباء |
| 942 |
_2ddc _cBK |
||
| 999 |
_c48377 _d48377 |
||